LEADER 01394nam2-2200397---450- 001 990003674010203316 005 20130205154257.0 010 $a978-88-218-1047-3 035 $a000367401 035 $aUSA01000367401 035 $a(ALEPH)000367401USA01 035 $a000367401 100 $a20120628d2012----km-y0itay50------ba 101 $aita 102 $aIT 105 $a||||||||001yy 200 1 $a<> Lingua padana e koinč cortigiana nella prima edizione dell'Orlando furioso$fMaurizio Vitale 210 $aRoma$cAccademia Nazionale dei Lincei$d2012 215 $a204 p.$d24 cm 410 0$12001 454 1$12001 461 1$1001000276746$12001$aAtti della Accademia nazionale dei Lincei. Classe di scienze morali, storiche e filologiche. Memorie 604 0 $aAriosto, Ludovico <1471-1533> . Orlando furioso$xLingua$2BNCF 676 $a450 700 1$aVITALE,$bMaurizio$0156166 801 0$aIT$bsalbc$gISBD 912 $a990003674010203316 951 $aIV.7$b237069 L.M.$cIV.7$d00311991 959 $aBK 969 $aUMA 979 $aFIORELLA$b90$c20120628$lUSA01$h0941 979 $aFIORELLA$b90$c20120628$lUSA01$h0954 979 $aFIORELLA$b90$c20120628$lUSA01$h1100 979 $aPATRY$b90$c20130205$lUSA01$h1542 996 $aLingua padana e koinč cortigiana nella prima edizione dell'Orlando furioso$91140857 997 $aUNISA LEADER 01601nam 2200517 450 001 9910461597703321 005 20200520144314.0 010 $a1-58110-934-2 035 $a(CKB)3710000000468804 035 $a(EBL)4397364 035 $a(MiAaPQ)EBC4397364 035 $a(Au-PeEL)EBL4397364 035 $a(CaPaEBR)ebr11172139 035 $a(CaONFJC)MIL826853 035 $a(OCoLC)945609820 035 $a(EXLCZ)993710000000468804 100 $a20160401h20162016 uy 0 101 0 $aeng 135 $aur|n|---||||| 181 $2rdacontent 182 $2rdamedia 183 $2rdacarrier 200 00$aProcedural sedation for infants, children, and adolescents /$feditors, Joseph D. Tobias, Joseph P. Cravero 210 1$aElk Grove Village, Illinois :$cAmerican Academy of Pediatrics,$d2016. 210 4$d©2016 215 $a1 online resource (305 p.) 225 1 $aNONE 300 $a"Section on Anesthesiology and Pain Medicine American Academy of Pediatrics." 311 $a1-58110-933-4 320 $aIncludes bibliographical references at the end of each chapters and index. 410 0$aNONE 606 $aPediatric anesthesia 606 $aSedatives 608 $aElectronic books. 615 0$aPediatric anesthesia. 615 0$aSedatives. 676 $a617.96798 702 $aTobias$b Joseph D. 702 $aCravero$b Joseph P. 801 0$bMiAaPQ 801 1$bMiAaPQ 801 2$bMiAaPQ 906 $aBOOK 912 $a9910461597703321 996 $aProcedural sedation for infants, children, and adolescents$92043987 997 $aUNINA